000 00631nam a22002177a 4500
001 8076
003 FISKH
005 20250821111927.0
008 250821b cb ||||| |||| 00| 0 eng d
040 _aFISKH
_beng
_cFISKH
_dFISKH
050 _aQL756 .D38
082 _a591.56
100 _aE. K Davis
245 _aAnimal homes /
260 _aNew York : A
_b Golden Book,
_c1982.
300 _a24 unnumbered pages :
_bcolor illustrations ;
_c16 cm
505 _aNP
520 _aSimple text and illustrations describe the homes of various animals including turtles, seals, and ants.
942 _2ddc
_cBK
_n0
999 _c8076
_d8076